Online
Catalog

Actos de corrupción en América Latina : (Record no. 37826)

MARC details
000 -CABECERA
campo de control de longitud fija 00837nam a2200181 a 4500
001 - NÚMERO DE CONTROL
campo de control 000038336
005 - FECHA Y HORA DE LA ÚLTIMA TRANSACCIÓN
campo de control 20201002031231.0
008 - DATOS DE LONGITUD FIJA--INFORMACIÓN GENERAL
campo de control de longitud fija 130409s2005 dr r 000 0 spa d
040 ## - FUENTE DE LA CATALOGACIÓN
Centro catalogador/agencia de origen DO-SdBNP
Lengua de catalogación spa
Centro/agencia transcriptor BNPHU
100 1# - ENTRADA PRINCIPAL--NOMBRE DE PERSONA
Nombre de persona Rodríguez, Manuel A.
9 (RLIN) 64698
245 10 - MENCIÓN DE TÍTULO
Título Actos de corrupción en América Latina :
Resto del título soborno y enriquecimiento ilícito /
Mención de responsabilidad, etc. Manuel A. Rodríguez ; presentación Sevio Tulio Castiño Guzmán.
246 10 - FORMA VARIANTE DE TÍTULO
Título propio/Titulo breve Soborno y enriquecimiento ilícito
260 ## - PUBLICACIÓN, DISTRIBUCIÓN, ETC.
Lugar de publicación, distribución, etc. Santo Domingo :
Nombre del editor, distribuidor, etc. Fundación Institutionalidad y Justicia (FINJUS),
Fecha de publicación, distribución, etc. 2005.
300 ## - DESCRIPCIÓN FÍSICA
Extensión 108 p. ;
Dimensiones 22 cm.
500 ## - NOTA GENERAL
Nota general "Concurso de tesis y ensayos sobre instrumentos de lucha contra la corrupción y la Convención Interamericana contra la Corrupción."
500 ## - NOTA GENERAL
Nota general Incluye notas al pie de las páginas
700 1# - PUNTO DE ACCESO ADICIONAL--NOMBRE DE PERSONA
Nombre de persona Castiño Guzmán, Servio Tulio
9 (RLIN) 64699
Holdings
Estado de retiro Estado de pérdida No para préstamo Código de colección Localización permanente Ubicación/localización actual Ubicación en estantería Fecha de adquisición Número de inventario Total de préstamos Signatura topográfica completa Código de barras Fecha visto por última vez Precio válido a partir de Tipo de ítem Koha
    Excluido de préstamo Patrimonio Dominicano Patrimonio Dominicano Patrimonio Dominicano Depósito 09.04.2013 LF1   38336-10 25.06.2020 25.06.2020 Libro y Folleto Colección Patrimonio Dominicano

Powered by Koha